| 000 | 00589nam a2200193 i 4500 | ||
|---|---|---|---|
| 001 | 101435 | ||
| 003 | ES-MaACL | ||
| 005 | 20250529172425.0 | ||
| 007 | t| | ||
| 008 | 051018s1914 fr ||||1| fre d | ||
| 100 | 1 |
_aMazon, André. _979486 |
|
| 245 | 1 | 0 |
_aUn maître du roman russe, Ivan Gontcharov 1812-1891 / _cAndré Mazon. |
| 260 |
_aParis : _b[s.n.], _c1914 ( _fF. Paillart) |
||
| 300 |
_aX, 472 p. ; _c25 cm. |
||
| 500 | _aCon un retrato de Gontcharov. | ||
| 600 | 1 | 4 |
_aGoncharov, Ivan Aleksandrovich, _d1812-1891 _958230 |
| 852 |
_aES-MaACL _jA-104 |
||
| 999 |
_c101435 _d101435 |
||